00892nam a2200193 i 4500001000700000003000900007005001700016007000300033008004100036080001000077100002900087245011100116260004900227300002000276505031600296630002600612700002600638852003400664129969ES-MaACL20251220063020.0t|070712m19581962sp ||||1| spa d a22.071 aPrado, Juan, d1897-197810aSíntesis bíblica / cpor el P. Juan Prado, C.SS.R. ; con la colaboración del P. Nicanor Fernández. aMadrid : bEl Perpetuo Socorro, c1958-1962. a5 v. ; c17 cm.8 aContiene: I. Orientaciones -- II. Historia de la revelación. Libros del Antiguo Testamento. Orígenes del pueblo hebreo -- IV-VII. Destierro babilónico. Restauración. Diáspora. Alzamiento de los Macabeos -- VIII. Literatura poético-sapiencial -- IX. Apéndice: los Apócrifos del Antiguo Testamento 0aBiblia-vComentarios.1 aFernández, Nicanor. aES-MaACLjE-3836-40 bR.49718